Lịch sử văn học phương tây; T2

Đã lưu trong:
書目詳細資料
主要作者: Nguyễn Ngọc Ban
格式: 圖書
語言:Undetermined
出版: Hà Nội Giáo dục 1979
主題:
標簽: 添加標簽
沒有標簽, 成為第一個標記此記錄!
Thư viện lưu trữ: Trung tâm Học liệu Trường Đại học Cần Thơ
LEADER 00506nam a2200169Ia 4500
001 CTU_8818
008 210402s9999 xx 000 0 und d
082 |a 809 
082 |b Ch125/T2 
100 |a Nguyễn Ngọc Ban 
245 0 |a Lịch sử văn học phương tây; T2 
245 0 |c Nguyễn Ngọc Ban 
260 |a Hà Nội 
260 |b Giáo dục 
260 |c 1979 
650 |a european literature - history and criticism 
980 |a Trung tâm Học liệu Trường Đại học Cần Thơ